Le Christi : roman /

Saved in:
Bibliographic Details
Main Author: Pilhes, René-Victor, 1934-
Format: Book
Language:French
Published: [Paris?] : Plon, 1998.
Tags: Add Tag
No Tags, Be the first to tag this record!
LEADER 00478nam a2200181Ia 4500
001 007745575-4
005 20020606104010.5
008 980303s1998 fr 000 1 fre d
020 |a 225918054X 
035 0 |a ocm38540354 
040 |a OSU  |c OSU  |d HLS 
090 |a PQ2676.I4  |b C55 1998 
100 1 |a Pilhes, René-Victor,  |d 1934- 
245 1 3 |a Le Christi :  |b roman /  |c René-Victor Pilhes. 
260 |a [Paris?] :  |b Plon,  |c 1998. 
300 |a 329 p. ;  |c 21 cm. 
988 |a 20020608 
906 |0 OCLC